| 000 | 01059nam a2200205 a 4500 | ||
|---|---|---|---|
| 008 | 081215s2005 ||||||||||||||||| || u | ||
| 020 | _a1919976167 | ||
| 050 | _aQK 413 Loo | ||
| 100 | _aLoots, Sonja | ||
| 245 | 1 | 0 | _aRed data book of Namibian plants |
| 260 |
_aPretoria _bSouthern African Botannical Diversity Network report( SABONET) _c2005 |
||
| 300 | _aiv, 124p.: ill. | ||
| 350 | _a0.00 | ||
| 490 | _aSouthern African Botannical Diversity Network report, no. 38 | ||
| 650 | _aPLANTS | ||
| 650 | _aPLANTS--NAMIBIA | ||
| 995 |
_aANNEX COLLECTION (Main Library) _D105000.00 _e739028 _FCBU-MAIN LIBRARY (Kitwe) _H1 _I0.00 _jQK 413 Loo _M3 _UAVAILABLE _WDec 15, 2008 _y739028 _ZAnnex Low-Usage Collection |
||
| 995 |
_aMAIN LIBRARY OPEN ACCESS _D105000.00 _e739026 _FCBU-MAIN LIBRARY (Kitwe) _H1 _I0.00 _jQK 413 Loo _M1 _UAVAILABLE _WDec 15, 2008 _y739026 _ZMain Library Open Access Collection |
||
| 995 |
_aMAIN LIBRARY OPEN ACCESS _D105000.00 _e739030 _FCBU-MAIN LIBRARY (Kitwe) _H1 _I0.00 _jQK 413 Loo _M5 _UAVAILABLE _WDec 15, 2008 _y739030 _ZMain Library Open Access Collection |
||
| 999 |
_c80008 _d80008 |
||